Datum a čas kvízu
29
Celkem bodů
Celkový počet nahraných bodů na tomto kvízu bez doplňovacích otázek.
3.
Pořadí na kvízu
Konečné umístění týmu na tomto kvízu.
Zaznamenané odpovědi
| # | Otázka | Odpověď | Body | Výsledky |
|---|---|---|---|---|
| 1. | V neděli 17. listopadu v 17:11... | Modlitba pro Martu | 1 | |
| 2. | Kanál Netflix se chystá revido... | o Polsku | 0 | |
| 3. | Příslušníci jistého náboženstv... | o sikhismus | 0 | |
| 4. | 11. listopadu se ve světě již... | na nezadané | 0 | |
| 5. | Jeden český gólman se rozhodl... | Patrik Bartošák | 1 | |
| 6. | Téma o tomto komikovi si vybra... | v Litoměřicích | 1 | |
| 7. | Jak se jmenuje herečka zdatně... | Iva Janžurová | 1 | |
| 8. | Kdo je "průkopníkem českého di... | Tyl | 1 | |
| 9. | Kde se odehrává tato scénka? A... | B) na hřbitově | 1 | |
| 10. | Ve scénce V restauraci hraje H... | To vám snad stačí, ne? | 1 |